Hệ bài toán bao hàm thức biến phân và các trường hợp riêng : (Chuyên ngành: Toán giải tích)

Nội dung đề tài trình bày những kiến thức cơ bản về bài toán bao hàm thức biến phân và điều kiện đủ để nó có nghiệm. Hệ bài toán bao hàm thức biến phân và tựa biến phân.

সংরক্ষণ করুন:
গ্রন্থ-পঞ্জীর বিবরন
প্রধান লেখক: Phạm, Bích Như
বিন্যাস: গ্রন্থ
ভাষা:Undetermined
প্রকাশিত: Cần Thơ Trường Đại học Cần Thơ 2008
বিষয়গুলি:
ট্যাগগুলো: ট্যাগ যুক্ত করুন
কোনো ট্যাগ নেই, প্রথমজন হিসাবে ট্যাগ করুন!
Thư viện lưu trữ: Trung tâm Học liệu Trường Đại học Cần Thơ
LEADER 01039nam a2200217Ia 4500
001 CTU_135995
008 210402s9999 xx 000 0 und d
082 |a 515 
082 |b Nh550 
088 |a 604601 
100 |a Phạm, Bích Như 
245 0 |a Hệ bài toán bao hàm thức biến phân và các trường hợp riêng : 
245 0 |b (Chuyên ngành: Toán giải tích) 
245 0 |c Phạm Bích Như ; Phan Quốc Khánh giáo viên hướng dẫn 
260 |a Cần Thơ 
260 |b Trường Đại học Cần Thơ 
260 |c 2008 
520 |a Nội dung đề tài trình bày những kiến thức cơ bản về bài toán bao hàm thức biến phân và điều kiện đủ để nó có nghiệm. Hệ bài toán bao hàm thức biến phân và tựa biến phân. 
650 |a Mathematical analysis,Toán giải tích 
904 |i Tuyến 
980 |a Trung tâm Học liệu Trường Đại học Cần Thơ